00752 2200253 4500001002100000005001700021008004100038020002200079035002400101040001200125082001200137084001800149100001900167245011500186260003200301300003700333500001100370504003100381650002600412700001400438700001300452850001200465990002100477INLIS00000000002341520161021093152.0  a978-602-74479-5-0 0010-101600000000367 aYOPDYOG 223a712 aDEP 712 Jah A aJOHAN ISKANDAR aArsitektur tumbuhanb: struktur pekarangan pedesaan dan ruang terbukac/ Johan Iskandar, Budiawati S. Iskandar aYogyakartabTeknosainc2016 axvi, 198 hlm.b: ilus.c; 26 cm. aIndeks aBibliografi : hlm. 151-156 aArsitektur Pertamanan aBudiawati aIskandar aYOPDYOG aCB-D.11/2016-623